000 00512 a2200217 4500
008 250307s########|||||||||||||||||||||||#d
020 _a6078334085
040 _aAOBREGON
_bspa
_cAOBREGON
100 _aErnesto Silva Juárez
245 _aElementos de Logística Internacional /
260 _bMontalvo
300 _a1473 Páginas
500 _a1 Ejemplar
650 _aLogística
942 _cLIB
945 _a1
_badmin
999 _c1387
_d1387